CCR Sudden Death - Statistics

General Stats
  • This quiz has been taken 78 times
  • The average score is 8 of 11
Answers on the Grid
Answers color-coded by a green-red scale on the quiz's grid according to % correct below.
Proud Mary
Lookin' Out My Backdoor
Magic Carpet Ride
Green River
Fortunate Son
Born to Be Wild
Wild Child
Have You Ever Seen the Rain
Lodi
I Put a Spell On You
Born on a Bayou
More than a Feeling
You Wreck Me
Darlington County
Pink Houses
Sweet Hitch-hiker
Travelin' Band
Who'll Stop the Rain
Sailin' Shoes
Let it Roll
 
Answer Stats
Answer % Correct
Have You Ever Seen the Rain
95%
Fortunate Son
92%
Born on a Bayou
87%
Lookin' Out My Backdoor
87%
Proud Mary
87%
Who'll Stop the Rain
85%
Green River
74%
Travelin' Band
69%
I Put a Spell On You
62%
Lodi
49%
Sweet Hitch-hiker
49%
No matching quizzes found
Score Distribution
Percent of People with Each Score
Percentile by Number Answered
Your Score History
You have not taken this quiz